Statistics for Survivor Contestants Season 28: Cagayan

Click here to take the quiz!

General Stats

  • This quiz has been taken 308 times
    (307 since last reset)
  • The average score is 16 of 18

Answer Stats

FinishContestant% Correct
WinnerTony Vlachos
98%
3rd"Chaos Kass" McQuillen
97%
4thSpencer Bledsoe
96%
2ndYung "Woo" Hwang
96%
11thSarah Lacina
92%
6thTasha Fox
92%
5thTrish Hegarty
92%
15thJ'Tia Taylor
88%
10thMorgan McLeod
88%
14thCliff Robinson
87%
18thDavid Samson
85%
7thJefra Bland
85%
9thLJ McKanas
84%
17thGarrett Adelstein
83%
8thJeremiah Wood
81%
13thLindsey Ogle
78%
16thBrice Johnston
76%
12thAlexis Maxwell
72%

Score Distribution

Percentile by Number Answered

Percent of People with Each Score

Your Score History

You have not taken this quiz since the last reset